Ethics and educational policy/ (Record no. 41859)

000 -LEADER
fixed length control field 00447nam a2200181Ia 4500
005 - DATE AND TIME OF LATEST TRANSACTION
control field 20230420141748.0
008 - FIXED-LENGTH DATA ELEMENTS--GENERAL INFORMATION
fixed length control field 190923s9999||||xx |||||||||||||| ||eng||
020 ## - INTERNATIONAL STANDARD BOOK NUMBER
ISBN 710084234
041 ## - LANGUAGE CODE
Language code of text/sound track or separate title eng
082 ## - DEWEY DECIMAL CLASSIFICATION NUMBER
Classification number 370.1 STR-E
100 ## - MAIN ENTRY--AUTHOR NAME
Personal name Strike, Kenneth A.
245 #0 - TITLE STATEMENT
Title Ethics and educational policy/
Statement of responsibility, etc Kenneth A. Strike
250 ## - EDITION STATEMENT
Edition statement 1978
260 ## - PUBLICATION, DISTRIBUTION, ETC. (IMPRINT)
Place of publication London:
Name of publisher Routledge,
Year of publication 1978
300 ## - PHYSICAL DESCRIPTION
Number of Pages ix,v,225p.
650 ## - SUBJECT ADDED ENTRY--TOPICAL TERM
Topical Term Education
942 ## - ADDED ENTRY ELEMENTS (KOHA)
Koha item type Books
Holdings
Lost status Damaged status Not for loan Collection code Permanent Location Current Location Shelving location Cost, normal purchase price Full call number Accession Number Koha item type
        RIE AJMER LIBRARY RIE AJMER LIBRARY General Stacks 119.88 370.1 STR-E 56962 Books

Powered by Koha